| 000 | 00640nam a2200169 a 4500 | ||
|---|---|---|---|
| 008 | 120416s1968 ||||||||||||||||| || u | ||
| 050 | _aJN 421 Gre | ||
| 100 | _aFulton, John Scott }baron, 1902- | ||
| 245 | 1 | 4 | _aThe civil service |
| 246 | _aevidence submitted to the Committee under the chairmanship of Lord Fulton, 1966-68 | ||
| 260 |
_aLondon _bH.M.S.O _c1968 |
||
| 300 | _a5 v. : ill. | ||
| 350 | _a0.00 | ||
| 650 | _aADMINISTRATION | ||
| 650 | _aCIVIL SERVICE--GREAT BRITAIN | ||
| 995 |
_D0.00 _FCBU-MAIN LIBRARY (Kitwe) _H1 _I0.00 _M1 _UAVAILABLE _ZAnnex Low-Usage Collection |
||
| 999 |
_c37507 _d37507 |
||